| 000 | 00637nam a2200217Ii 4500 | ||
|---|---|---|---|
| 003 | JO-AjNU | ||
| 008 | 230606s9999||||xx |||||||||||||| ||und|| | ||
| 020 | _a978-007-124034-5 | ||
| 040 |
_aJO-AjNU _beng _erda _cJO-AjNU |
||
| 041 | _aeng | ||
| 050 | 1 | 4 | _aTA1145.B33 2004 |
| 100 | 3 |
_aBanks, James , _eauthor _94879 |
|
| 245 | 0 | 0 | _aIntroduction to Transportation Engineering |
| 250 | _a2 ed | ||
| 264 | 3 | 1 | _aNew York :Mcgraw hill ,2004 |
| 300 | _a502p | ||
| 336 |
_atext _btxt _2rdacontent |
||
| 337 |
_aunmediated _bn _2rdamedia |
||
| 338 |
_avolume _bnc _2rdacarrier |
||
| 650 | 4 |
_aIntroduction to Transportation Engineering _94880 |
|
| 999 |
_aE2525 _c2523 _d2523 |
||